000 01005cab a2200289 4500
001 ABS50390
008 090401t1994 xxu||||| |||| 00| 0 eng d
035 _a(Sirsi) u75528
041 _aeng
100 _aPowell-Smith, V.
245 _aICE`s cryptic meaning
260 _c1994
350 _a0
490 _aContract Journal
_v374(5978) 31 March 1994, 12(1)
520 _aReviews recent case law dealing with contractual disputes under the ICE Conditions of Contract (editions 5 and 6).
650 _aCIVIL ENGINEERING CONTRACTS
650 _aCONTRACT CLAIMS
650 _aERITH CONSTRUCTION LTD V COSTAIN CIVIL ENGINEERING LTD
650 _aFCEC SUBCONTRACT
650 _aICE CONDITIONS OF CONTRACT (FIFTH EDITION)
650 _aICE CONDITIONS OF CONTRACT (SIXTH EDITION)
650 _aM J GLEESON GROUP PLC V WYATT OF SNETTERTON LTD
650 _aMONMOUTHSHIRE CC V COSTELLOE & KEMPLE
690 _aBUILT ENVIRONMENT-BUILDING CONTRACT FORMS
942 _n0
948 _c04/03/1997
999 _c47525
_d47525